000 00612nam a22001937a 4500
005 20251108165228.0
008 250721s1986 xx 000 0 ara d
082 1 4 _a551.4/ديل
100 1 _aديل راي، ليستر
245 1 0 _aالأرض .. الغامضة /
264 1 _aالقاهره :
_bالهيئة المصرية العامة للكتاب،
_c1986.
300 _a174ص
490 0 _aالألف كتاب الثاني ؛ 7
650 1 7 _aالأرض
650 1 7 _aالفلسفة المادية
700 1 _aالحديدي، علي رمضان
_eترجمة
942 _2ddc
_cBK
999 _c22679
_d22679